La geografía en el aula: bibliografía y recursos
Збережено в:
| Автори: | , |
|---|---|
| Формат: | Книга |
| Мова: | Іспанська |
| Опубліковано: |
Madrid
Ministerio de Educación y Ciencia
1987
|
| Серія: | Archivo del Profesor. Recursos Didácticos
|
| Предмети: | |
| Теги: |
Додати тег
Немає тегів, Будьте першим, хто поставить тег для цього запису!
|
MARC
| LEADER | 00000nam a2200000 a 4500 | ||
|---|---|---|---|
| 001 | UCZ2909 | ||
| 003 | CL-VaPUC | ||
| 008 | 951013e19870000SP |||||||||||||||||spa|d | ||
| 082 | 0 | 4 | |a 372.891 |b BEL |2 21 |
| 100 | 0 | |a Bellver Martín, María Dolores |e author |9 346696 | |
| 700 | |a González Muñoz, María del Carmen |e author |9 522266 | ||
| 245 | 1 | 3 | |a La geografía en el aula: bibliografía y recursos |
| 300 | |a s.p | ||
| 942 | |c BK | ||
| 945 | |d 19951013 00:00:00 |a awong | ||
| 260 | |a Madrid |b Ministerio de Educación y Ciencia |c 1987 | ||
| 500 | |a Consta de 5 cuadernillos | ||
| 650 | 0 | |a Libros de texto |9 270019 | |
| 650 | 0 | |a Geografía |9 259346 | |
| 650 | 0 | |a Enseñanza |9 256457 | |
| 651 | 0 | |a España |9 254926 | |
| 583 | |a last modification |c 20190731 02:57:17 |k Rodrigo Vera | ||
| 490 | 0 | |a Archivo del Profesor. Recursos Didácticos | |
| 999 | |c 239447 |d 239445 | ||
| 952 | |0 0 |1 0 |4 0 |6 372_891000000000000_BEL_1987 |7 0 |8 A |9 250578 |a BIBHIS |b BIBHIS |d 2019-11-18 |i 3136981 |o 372.891 BEL 1987 |p 3136981 |r 2025-01-20 |w 2019-11-18 |y BK |k HIS | ||